Innovation and requirements for human rescurces
Na minha lista:
| Autor principal: | |
|---|---|
| Outros Autores: | , |
| Formato: | Livro |
| Idioma: | inglês |
| Publicado em: |
Laxenburg
International Institute for Applied Systems Analysis
1983
|
| Tags: |
Sem tags, seja o primeiro a adicionar uma tag!
|
MARC
| LEADER | 00000nam a2200000 4500 | ||
|---|---|---|---|
| 001 | c133110 | ||
| 005 | 20041019155257.2 | ||
| 041 | 0 | |a eng | |
| 044 | |a AT | ||
| 245 | 1 | 0 | |a Innovation and requirements for human rescurces |c Heinz-Dieter Haustein, Harry Maier, Erhard Ulrich |
| 264 | 1 | |a Laxenburg |b International Institute for Applied Systems Analysis |c 1983 | |
| 300 | |a 44 s. | ||
| 100 | 1 | |a Haustein, Heinz-Dieter | |
| 700 | 1 | |a Maier, Harry | |
| 700 | 1 | |a Ulrich, Erhard | |